000
00521nam a2200169Ia 4500
008
090711s9999 xx 000 0 und d
082
_b
30590
100
_a
मंगळवेढेकर राजा
245
_a
तरु ण मित्रा
260
_c
1972
300
_a
132
600
_a
मंगळवेढेकर राजा
630
_a
तरु ण मित्रा
700
_a
मंगळवेढेकर राजा
730
_a
तरु ण मित्रा
942
_c
BOOK
999
_c
289989
_d
289989